[Event "Caorle op-B"]
[Site "Caorle"]
[Date "1991.07.09"]
[Round "4.37"]
[White "Primiterra, Giancarlo"]
[Black "Ribon, Andrea"]
[Result "1-0"]
[WhiteElo "1802"]
[BlackElo "1800"]
[PlyCount "67"]
[EventDate "1991.07.05"]
[EventType "swiss"]
[EventRounds "8"]
[EventCountry "ITA"]
[SourceTitle "EXT 2023"]
[Source "ChessBase"]
[SourceDate "2022.10.05"]
[SourceVersion "1"]
[SourceVersionDate "2022.10.05"]
[SourceQuality "1"]

1. c4 c5 2. g3 g6 3. Bg2 Bg7 4. e3 Nf6 5. Ne2 0-0 6. d4 cxd4 7. exd4 d5 8. c5 Nc6 9. 0-0 Bg4 10. f3 Bd7 11. Nbc3 Rc8 12. a3 a5 13. Na4 Na7 14. Nb6 Rc6 15. b4 Nc8 16. bxa5 Nxb6 17. axb6 Rc8 18. a4 Ra8 19. a5 Bb5 20. Bb2 Nd7 21. Qd2 e5 22. Rfc1 h5 23. dxe5 Nxe5 24. Bxe5 Bxe5 25. Ra3 Qf6 26. Rc2 g5 27. f4 gxf4 28. gxf4 Bb8 29. Rg3+ Kh7 30. Qxd5 Bxe2 31. Rxe2 Rxa5 32. Qxh5+ Qh6 33. Be4+ f5 34. Bxf5+ 1-0